Statistics for Countries Of Africa With No Repeating Vowels

Click here to take the quiz!

General Stats

  • This quiz has been taken 56 times
  • The average score is 10 of 12

Answer Stats

Answer% Correct
Libya
98%
Egypt
94%
Chad
92%
Niger
92%
Gabon
89%
Kenya
87%
Mali
85%
Sudan
85%
Guinea
83%
Benin
74%
Zimbabwe
70%
Mozambique
68%

Score Distribution

Percentile by Number Answered

Percent of People with Each Score

Your Score History

You have not taken this quiz